Tập bài hát 3

Kaydedildi:
Detaylı Bibliyografya
Materyal Türü: Kitap
Dil:Undetermined
Baskı/Yayın Bilgisi: Hà Nội Giáo Dục 2006
Konular:
Etiketler: Etiketle
Etiket eklenmemiş, İlk siz ekleyin!
Thư viện lưu trữ: Trung tâm Học liệu Trường Đại học Cần Thơ
LEADER 00518nam a2200193Ia 4500
001 CTU_106502
008 210402s9999 xx 000 0 und d
020 |c 2000 
082 |a 372.87 
082 |b T123/L3 
245 0 |a Tập bài hát 3 
245 0 |c Hoàng Long ... [et al.] 
260 |a Hà Nội 
260 |b Giáo Dục 
260 |c 2006 
650 |a Music 
650 |x Study and teaching 
904 |i Tuyến, Q. Hiếu (sửa) 
980 |a Trung tâm Học liệu Trường Đại học Cần Thơ